|
|
|
|
| LEADER |
00000nab a2200000 4500 |
| 001 |
vtls012141323 |
| 003 |
SK-MaSNL |
| 005 |
20260303100247.0 |
| 008 |
220629|2013 xo |||| ||an ||00 0|slo |
| 015 |
|
|
|a SNBRB2022/06
|
| 040 |
|
|
|a SPKCL
|b slo
|e rda
|
| 041 |
|
|
|a slo
|b slo
|b eng
|
| 044 |
|
|
|a xo
|c SK
|
| 072 |
|
7 |
|a 316.72
|x Sociológia kultúry. Kultúrny život
|2 konspekt
|
| 072 |
|
7 |
|a 616.89
|x Psychiatria
|2 konspekt
|
| 080 |
|
|
|a 316.728-021.465:616.895.8
|2 2011
|
| 100 |
1 |
|
|a Mikulášková, Gabriela
|4 aut
|9 418173
|
| 245 |
1 |
0 |
|a Overenie škály kvality života u ľudí s diagnózou schizofrénie
|c Gabriela Mikulášková
|
| 300 |
|
|
|b Tabuľky
|
| 336 |
|
|
|a text
|b txt
|2 rdacontent
|
| 337 |
|
|
|a bez média
|b n
|2 rdamedia
|
| 338 |
|
|
|a zväzok
|b nc
|2 rdacarrier
|
| 504 |
|
|
|a Obsahuje bibliografiu
|
| 546 |
|
|
|a Slovenské resumé
|
| 650 |
0 |
7 |
|a kvalita života
|2 SNKPH
|9 1705
|
| 650 |
0 |
7 |
|a schizofrénia
|2 SNKPH
|9 13590
|
| 650 |
0 |
7 |
|a výskum
|2 SNKPH
|9 4238
|
| 655 |
|
7 |
|a BZB
|2 SNKPH
|9 1080216
|
| 773 |
0 |
|
|t Psychológia zdravia : psychológia zdravia v multidisciplinárnom pohľade na zdravie : zborník z 8. celoslovenskej konferencie s medzinárodnou účasťou
|d Košice : Univerzita Pavla Jozefa Šafárika, Lekárska fakulta UPJŠ, 2013
|g S. 44-53
|z 9788081520594
|
| 856 |
4 |
1 |
|u //www.unibook.upjs.sk/img/cms/2013/lf/psychologia-zdravia-2013-final.pdf
|
| 958 |
|
|
|a NB
|
| 999 |
|
|
|c 1828821
|d 1830751
|